[Event "BL 2425 Hamburger SK - Schachfreunde Dei"]
[Site "?"]
[Date "2025.02.23"]
[Round "10.1"]
[White "Kollars, Dmitrij"]
[Black "Svane, Frederik"]
[Result "1-0"]
[WhiteElo "2643"]
[BlackElo "2665"]
[PlyCount "81"]
[EventDate "2025.??.??"]

1. e4 e5 2. Nf3 Nc6 3. Bc4 Nf6 4. Ng5 d5 5. exd5 Na5 6. Bb5+ c6 7. dxc6 bxc6 8. Be2 h6 9. Nf3 e4 10. Ne5 Bd6 11. d4 exd3 12. Nxd3 O-O 13. b3 c5 14. Nd2 Rb8 15. O-O Qc7 16. h3 Bf5 17. Bb2 Ne4 18. Nxe4 Bxe4 19. Bf3 Bxf3 20. Qxf3 c4 21. Nc1 Rfe8 22. Ne2 Nc6 23. Rad1 Be5 24. Bxe5 Qxe5 25. Ng3 Nb4 26. Rd7 Qe6 27. Rxa7 Nxc2 28. bxc4 Qxc4 29. Rc1 Re1+ 30. Rxe1 Nxe1 31. Qf5 Rf8 32. Qe4 Qc1 33. Nf1 Qc3 34. a4 Nd3 35. a5 Qc5 36. Qe3 Qd5 37. Re7 Nb4 38. Re5 Qc4 39. Re4 Qb5 40. Rg4 f5 41. Qb3+ 1-0

[Event "BL 2425 Hamburger SK - Schachfreunde Dei"]
[Site "?"]
[Date "2025.02.23"]
[Round "10.2"]
[White "Svane, Rasmus"]
[Black "Bluebaum, Matthias"]
[Result "1/2-1/2"]
[WhiteElo "2621"]
[BlackElo "2643"]
[PlyCount "49"]
[EventDate "2025.??.??"]

1. e4 c6 2. Nf3 d5 3. Nc3 Bg4 4. d4 e6 5. Be2 Nf6 6. e5 Nfd7 7. O-O Be7 8. Ne1 Bxe2 9. Nxe2 c5 10. c3 Qb6 11. b3 O-O 12. Be3 cxd4 13. cxd4 f6 14. Nd3 Nc6 15. Nef4 Nd8 16. Rc1 fxe5 17. Nxe5 Qd6 18. Nfd3 Nxe5 19. Nxe5 Nf7 20. Bf4 Bg5 21. Nxf7 Qxf4 22. Nxg5 Qxg5 23. Rc7 Rf7 24. Qc1 Qf6 25. Rxf7 1/2-1/2

[Event "BL 2425 Hamburger SK - Schachfreunde Dei"]
[Site "?"]
[Date "2025.02.23"]
[Round "10.3"]
[White "Gledura, Benjamin"]
[Black "Huschenbeth, Niclas"]
[Result "1/2-1/2"]
[WhiteElo "2659"]
[BlackElo "2593"]
[PlyCount "137"]
[EventDate "2025.??.??"]

1. c4 c5 2. g3 g6 3. Bg2 Bg7 4. Nc3 Nf6 5. e3 e6 6. Nge2 O-O 7. b3 d5 8. O-O Nc6 9. Bb2 b6 10. d4 cxd4 11. Nxd4 Nxd4 12. Qxd4 Ne4 13. Qd3 Bb7 14. Rfd1 Nxc3 15. Bxc3 Bxc3 16. Qxc3 Qc7 17. Rac1 Rac8 18. Qf6 b5 19. c5 b4 20. h4 h5 21. Rd4 a5 22. e4 Qd8 23. Qf4 Qe8 24. Qf6 Qd8 25. Qf4 Qe8 26. Qh6 dxe4 27. Bxe4 Bxe4 28. Rxe4 Qd7 29. g4 Qd5 30. Qe3 hxg4 31. Re5 Qf3 32. Qxf3 gxf3 33. c6 Rc7 34. Rxa5 Rb8 35. Kh2 Rb6 36. Rac5 Kf8 37. Kg3 Ke7 38. Kxf3 Kd6 39. Ke4 Ra6 40. R5c2 e5 41. Kd3 Ke6 42. Rc5 Rb6 43. f3 Kd6 44. Kc4 Rcxc6 45. Rd1+ Kc7 46. Rdd5 f6 47. Rxc6+ Kxc6 48. Rd8 Ra6 49. Rg8 Kd6 50. Rxg6 Ke6 51. Rg3 Rxa2 52. Rh3 Kf7 53. h5 Kg7 54. h6+ Kh7 55. Kxb4 Rc2 56. Rh5 Rf2 57. Rh3 Rc2 58. Rh4 Rf2 59. Kc5 Rxf3 60. b4 f5 61. b5 e4 62. b6 Rc3+ 63. Kd4 Rb3 64. Rh5 Rb5 65. b7 Rxb7 66. Rxf5 Re7 67. Ke3 Kxh6 68. Rf4 Kg5 69. Rxe4 1/2-1/2

[Event "BL 2425 Hamburger SK - Schachfreunde Dei"]
[Site "?"]
[Date "2025.02.23"]
[Round "10.4"]
[White "Papp, Gabor"]
[Black "Kamsky, Gata"]
[Result "1/2-1/2"]
[WhiteElo "2500"]
[BlackElo "2611"]
[PlyCount "41"]
[EventDate "2025.??.??"]

1. e4 e5 2. Nf3 Nc6 3. Bb5 a6 4. Ba4 Nf6 5. O-O Be7 6. Re1 b5 7. Bb3 O-O 8. a4 Bb7 9. d3 d6 10. Bd2 Nb8 11. axb5 axb5 12. Rxa8 Bxa8 13. Nc3 c6 14. Ne2 Nbd7 15. Ng3 Re8 16. c3 Bf8 17. d4 h6 18. Bc2 Bb7 19. Bd3 Nb6 20. Qc2 Bc8 21. h3 1/2-1/2

[Event "BL 2425 Hamburger SK - Schachfreunde Dei"]
[Site "?"]
[Date "2025.02.23"]
[Round "10.5"]
[White "Banusz, Tamas"]
[Black "Kramer, Julian"]
[Result "1/2-1/2"]
[WhiteElo "2582"]
[BlackElo "2480"]
[PlyCount "102"]
[EventDate "2025.??.??"]

1. c4 Nf6 2. Nc3 d5 3. cxd5 Nxd5 4. g3 g6 5. Bg2 c6 6. h4 Bg7 7. h5 O-O 8. h6 Bh8 9. Nf3 e5 10. O-O Qe7 11. d4 Nxc3 12. bxc3 Rd8 13. Qc2 exd4 14. cxd4 Bf5 15. Qb3 Be6 16. Ba3 Qd7 17. Qc2 Na6 18. Rab1 b5 19. Rfd1 Bf5 20. e4 Bg4 21. Rbc1 Rac8 22. e5 b4 23. Bb2 Nc7 24. Qxc6 Qxc6 25. Rxc6 Bxe5 26. Rdc1 Bd6 27. Ng5 Be7 28. Nxf7 Kxf7 29. Rxc7 Rxc7 30. Rxc7 Rd7 31. Rc8 Rd8 32. Rc6 Rd6 33. Rc4 Ra6 34. Rc7 Ke8 35. Bd5 Be6 36. Bxe6 Rxe6 37. d5 Rd6 38. Rxa7 Rxd5 39. Kg2 Kf7 40. Bc1 Ke6 41. Be3 Rb5 42. g4 b3 43. axb3 Rxb3 44. Ra8 Rb7 45. Re8 Kd5 46. f4 Bd6 47. Kf3 Rf7 48. Ra8 Kc6 49. g5 Kd5 50. Rd8 Ke6 51. Ke4 Rf8 1/2-1/2

[Event "BL 2425 Hamburger SK - Schachfreunde Dei"]
[Site "?"]
[Date "2025.02.23"]
[Round "10.6"]
[White "Zwirs, Nico"]
[Black "Dautov, Rustem"]
[Result "1/2-1/2"]
[WhiteElo "2476"]
[BlackElo "2565"]
[PlyCount "198"]
[EventDate "2025.??.??"]

1. e4 c6 2. d4 d5 3. e5 Bf5 4. h4 h5 5. Bd3 Bxd3 6. Qxd3 Qa5+ 7. Nd2 e6 8. Ngf3 Nh6 9. O-O Nf5 10. Nb3 Qa6 11. Qc3 Nd7 12. Bg5 Qb6 13. Qd3 Qb5 14. Qd2 a5 15. c3 Be7 16. Bxe7 Kxe7 17. Nc1 g6 18. a4 Qb6 19. b4 Qc7 20. Nb3 axb4 21. cxb4 Kf8 22. a5 Kg7 23. Rfc1 Rhb8 24. Ra2 Qd8 25. g3 Rc8 26. Rac2 Qf8 27. Ne1 Qd8 28. Nf3 Qf8 29. Kg2 Kg8 30. Ng5 Rab8 31. Nf3 Kg7 32. Ng5 Kg8 33. Kh3 Kg7 34. Kh2 Kg8 35. Kh3 Kg7 36. Kh2 Kg8 37. Nf3 Kg7 38. Kh1 Kg8 39. Kh2 Kg7 40. Kh1 Kg8 41. Kg2 Kg7 42. Nc5 Nxc5 43. bxc5 Ra8 44. Rb1 Rc7 45. Rb6 Ra7 46. Ra2 Qd8 47. Qb4 Qc8 48. Qd2 Qd7 49. Qb4 Qc8 50. Ra4 Ra8 51. Qd2 Qd7 52. Ng5 Qe7 53. Ra1 Qd7 54. Ra4 Qe7 55. Ra1 Qd7 56. Nh3 Qe7 57. Nf4 Qd7 58. Ne2 Qe7 59. Ng1 Qd7 60. Nf3 Qe7 61. Ne1 Qd7 62. Nc2 Ne7 63. Ne3 Nc8 64. Rb3 Ne7 65. Rh1 Nf5 66. Nxf5+ exf5 67. Rhb1 Ra7 68. Rb6 Qe7 69. Ra1 Qd7 70. Ra3 Qe7 71. Qf4 Qe6 72. Qg5 Qe7 73. Qf4 Qe6 74. Qg5 Qe7 75. Qd2 Qd7 76. Rab3 Qe7 77. Rb1 Qd7 78. R1b2 Qe7 79. Ra2 Qd7 80. Qf4 Qe6 81. Rb3 Ra6 82. Qg5 Qe7 83. Qf4 Qe6 84. Kg1 Ra7 85. Rb6 Ra8 86. Ra4 Ra7 87. Kg2 Ra8 88. Qg5 f6 89. exf6+ Qxf6 90. Qf4 Qe7 91. Kh2 Rac8 92. a6 bxa6 93. Rbxa6 Qe4 94. Qd2 Rf7 95. Ra7 Rcf8 96. Ra1 Rxa7 97. Rxa7+ Rf7 98. Rxf7+ Kxf7 99. Qb2 Qe6 1/2-1/2

[Event "BL 2425 Hamburger SK - Schachfreunde Dei"]
[Site "?"]
[Date "2025.02.23"]
[Round "10.7"]
[White "Heimann, Andreas"]
[Black "Heinemann, Thies"]
[Result "1/2-1/2"]
[WhiteElo "2546"]
[BlackElo "2419"]
[PlyCount "52"]
[EventDate "2025.??.??"]

1. d4 Nf6 2. c4 e6 3. Nf3 b6 4. g3 Ba6 5. b3 b5 6. Qc2 bxc4 7. bxc4 Bb4+ 8. Bd2 Bxd2+ 9. Nbxd2 c5 10. d5 O-O 11. e4 Re8 12. dxe6 Rxe6 13. Bh3 Re7 14. O-O Nc6 15. Rfe1 Qc7 16. Re3 Rae8 17. Rae1 d6 18. Qc3 Bb7 19. Nh4 Nd4 20. Nf5 Nxf5 21. Bxf5 h6 22. f3 Bc6 23. Nf1 Nh5 24. Bg4 Nf6 25. Bf5 Nh5 26. Bg4 Nf6 1/2-1/2

[Event "BL 2425 Hamburger SK - Schachfreunde Dei"]
[Site "?"]
[Date "2025.02.23"]
[Round "10.8"]
[White "Garner, Isaac"]
[Black "Krasenkow, Michal"]
[Result "1/2-1/2"]
[WhiteElo "2329"]
[BlackElo "2519"]
[PlyCount "83"]
[EventDate "2025.??.??"]

1. Nf3 d6 2. d4 Bg4 3. e4 Nd7 4. h3 Bh5 5. g4 Bg6 6. Nc3 e6 7. h4 h5 8. g5 c6 9. Bd3 Ne7 10. Bf4 d5 11. Qd2 dxe4 12. Bxe4 Nf5 13. O-O-O Bb4 14. a3 Ba5 15. Qd3 O-O 16. Ne2 Bc7 17. Kb1 Qb8 18. Bxc7 Qxc7 19. Qd2 Ne7 20. Bxg6 fxg6 21. Qe3 Kh7 22. Qxe6 Rxf3 23. Qxe7 Raf8 24. Nc1 R8f7 25. Qe6 Rxf2 26. Nd3 R2f5 27. Rhe1 c5 28. dxc5 Qg3 29. Qc4 Qf3 30. b4 a6 31. Qe4 Qg3 32. Re3 Qc7 33. Qe6 Qh2 34. Re4 Qg2 35. Rde1 Nf8 36. Qe8 Rd7 37. Nf4 Qd2 38. Qb8 Rd8 39. Qc7 Rd7 40. Qb8 Rd8 41. Qc7 Rd7 42. Qb8 1/2-1/2

[Event "BL 2425 SG Solingen - SV Deggendorf"]
[Site "?"]
[Date "2025.02.23"]
[Round "10.1"]
[White "Indjic, Aleksandar"]
[Black "Warmerdam, Max"]
[Result "1/2-1/2"]
[WhiteElo "2650"]
[BlackElo "2638"]
[PlyCount "89"]
[EventDate "2025.??.??"]

1. c4 e6 2. g3 d5 3. Bg2 d4 4. Nf3 Nc6 5. O-O Bc5 6. d3 Nf6 7. Nbd2 a5 8. Nb3 Be7 9. e3 dxe3 10. Bxe3 O-O 11. Nbd4 Bd7 12. Qe2 Nxd4 13. Nxd4 c5 14. Nf3 Bc6 15. Rfd1 Qc7 16. d4 b6 17. Bf4 Bd6 18. dxc5 Bxf4 19. cxb6 Qxb6 20. gxf4 Qb7 21. Rd4 a4 22. Rad1 Rab8 23. R1d2 h6 24. Ne1 Bxg2 25. Nxg2 Qb4 26. Ne1 Qc5 27. Nf3 Qf5 28. Qd3 Qh5 29. Kg2 Rfc8 30. h3 Qa5 31. Ne5 Qc7 32. Qa3 Qa7 33. Kg1 Qa8 34. b4 axb3 35. Qxa8 Rxa8 36. axb3 Rcb8 37. R2d3 g6 38. Nc6 Ra1+ 39. Kg2 Rb6 40. Rd6 Kg7 41. b4 Ne4 42. c5 Rba6 43. Na5 Nxc5 44. bxc5 R1xa5 45. Rxa6 1/2-1/2

[Event "BL 2425 SG Solingen - SV Deggendorf"]
[Site "?"]
[Date "2025.02.23"]
[Round "10.2"]
[White "Harikrishna, Pentala"]
[Black "Dudin, Gleb"]
[Result "0-1"]
[WhiteElo "2695"]
[BlackElo "2528"]
[PlyCount "86"]
[EventDate "2025.??.??"]

1. e4 c5 2. Nf3 d6 3. Be2 Nf6 4. Nc3 e5 5. Bc4 Be7 6. d3 Nc6 7. Bg5 Nd7 8. Bxe7 Qxe7 9. Nd5 Qd8 10. c3 O-O 11. O-O Nb6 12. Ne3 Kh8 13. Bb3 f5 14. exf5 Bxf5 15. Nxf5 Rxf5 16. Bc2 Rf8 17. d4 exd4 18. cxd4 Qf6 19. dxc5 dxc5 20. Be4 Rae8 21. Qb1 Nd4 22. Qd3 Nxf3+ 23. Bxf3 Qxb2 24. Qb3 Qe5 25. Rac1 c4 26. Qa3 Qc7 27. Rfe1 Nc8 28. Re6 h6 29. h3 a6 30. Qb4 b5 31. Rce1 Qf7 32. Rxa6 Rxe1+ 33. Qxe1 Re8 34. Qc3 Qf4 35. a3 Nd6 36. Rb6 Rf8 37. Qe1 Nf5 38. Rxb5 Nd4 39. Re5 c3 40. Rc5 c2 41. Qe3 Qd6 42. Rc4 Rb8 43. Bb7 Ne2+ 0-1

[Event "BL 2425 SG Solingen - SV Deggendorf"]
[Site "?"]
[Date "2025.02.23"]
[Round "10.3"]
[White "Petrov, Martin"]
[Black "L'Ami, Erwin"]
[Result "1/2-1/2"]
[WhiteElo "2544"]
[BlackElo "2620"]
[PlyCount "43"]
[EventDate "2025.??.??"]

1. e4 e5 2. Nf3 Nc6 3. Bc4 Bc5 4. O-O Nf6 5. d3 h6 6. c3 d6 7. Nbd2 O-O 8. Re1 Bb6 9. h3 Ne7 10. Bb3 c6 11. d4 Ng6 12. Bc2 Re8 13. a4 Bc7 14. Nf1 d5 15. Nxe5 Nxe5 16. dxe5 Nxe4 17. f3 Nc5 18. b4 Ne6 19. f4 Nf8 20. Nh2 f6 21. Nf3 fxe5 22. fxe5 1/2-1/2

[Event "BL 2425 SG Solingen - SV Deggendorf"]
[Site "?"]
[Date "2025.02.23"]
[Round "10.4"]
[White "Ragger, Markus"]
[Black "Bogosavljevic, Boban"]
[Result "1/2-1/2"]
[WhiteElo "2580"]
[BlackElo "2481"]
[PlyCount "104"]
[EventDate "2025.??.??"]

1. e4 c5 2. Nf3 Nc6 3. Bb5 d6 4. O-O Bd7 5. Re1 Nf6 6. c3 a6 7. Bf1 Bg4 8. d4 cxd4 9. cxd4 e5 10. d5 Nd4 11. Be3 Nxf3+ 12. gxf3 Bd7 13. Nd2 b5 14. a4 Be7 15. axb5 axb5 16. Rxa8 Qxa8 17. Qa1 O-O 18. Rc1 h6 19. Qxa8 Rxa8 20. Rc7 Ra2 21. b3 Bd8 22. Rb7 Ba5 23. Ra7 Ra3 24. Ra8+ Kh7 25. Bb6 Bb4 26. Rxa3 Bxa3 27. Ba5 Bc5 28. Nb1 b4 29. Nd2 g5 30. Bd8 Kg7 31. Bxf6+ Kxf6 32. h3 Kg6 33. Kg2 h5 34. Bd3 Kf6 35. Nc4 Ke7 36. Be2 f5 37. Bd3 fxe4 38. Bxe4 Bb5 39. Bd3 Be8 40. Nd2 Bf7 41. Bc4 Bg6 42. Kg3 h4+ 43. Kg2 Bc2 44. Ne4 Bd4 45. Nxg5 Bb2 46. Ne6 Bc1 47. Nc7 Bd1 48. Ne6 Bh6 49. Nc7 Bf4 50. Ne6 Bh6 51. Nc7 Bf4 52. Ne6 Bh6 1/2-1/2

[Event "BL 2425 SG Solingen - SV Deggendorf"]
[Site "?"]
[Date "2025.02.23"]
[Round "10.5"]
[White "Delchev, Aleksander"]
[Black "Andersen, Mads"]
[Result "1/2-1/2"]
[WhiteElo "2465"]
[BlackElo "2584"]
[PlyCount "61"]
[EventDate "2025.??.??"]

1. e4 e5 2. Nf3 Nc6 3. Bc4 Nf6 4. d3 Bc5 5. c3 a6 6. a4 d6 7. O-O Ba7 8. Nbd2 O-O 9. h3 Ne7 10. Re1 Ng6 11. d4 c6 12. Bf1 Re8 13. Bd3 Bd7 14. Nc4 Qc7 15. dxe5 dxe5 16. a5 h6 17. Bf1 Rad8 18. Qd6 Bb8 19. Qxc7 Bxc7 20. g3 Be6 21. Nfd2 Re7 22. Nb3 Nf8 23. Nc5 Bc8 24. Be3 Ne6 25. Red1 Ree8 26. Rxd8 Rxd8 27. Nxe6 Bxe6 28. f3 Ne8 29. h4 h5 30. Kf2 Nd6 31. Nxd6 1/2-1/2

[Event "BL 2425 SG Solingen - SV Deggendorf"]
[Site "?"]
[Date "2025.02.23"]
[Round "10.6"]
[White "Van Wely, Loek"]
[Black "Popovic, Dusan"]
[Result "1-0"]
[WhiteElo "2612"]
[BlackElo "2494"]
[PlyCount "71"]
[EventDate "2025.??.??"]

1. d4 Nf6 2. c4 g6 3. Nc3 Bg7 4. e4 d6 5. Nf3 O-O 6. Be2 e5 7. O-O Na6 8. Be3 Qe7 9. d5 Ng4 10. Bg5 f6 11. Bh4 g5 12. Bg3 f5 13. exf5 Bxf5 14. h3 Nh6 15. Re1 Nc5 16. b4 Ne4 17. Nxe4 Bxe4 18. Qd2 Bf6 19. Bd1 Bg6 20. Nd4 e4 21. Bc2 Nf5 22. Nxf5 Bxf5 23. Rad1 Qg7 24. Re3 Rae8 25. f3 Qg6 26. Rde1 Qg7 27. fxe4 Bg6 28. e5 dxe5 29. Bxg6 Qxg6 30. Bxe5 Bxe5 31. Rxe5 Rxe5 32. Rxe5 Qb1+ 33. Kh2 h6 34. d6 cxd6 35. Qxd6 Qh7 36. Re6 1-0

[Event "BL 2425 SG Solingen - SV Deggendorf"]
[Site "?"]
[Date "2025.02.23"]
[Round "10.7"]
[White "Sedlak, Nikola"]
[Black "Krastev, Alexander"]
[Result "1-0"]
[WhiteElo "2460"]
[BlackElo "2434"]
[PlyCount "67"]
[EventDate "2025.??.??"]

1. Nf3 d5 2. e3 Nf6 3. c4 e6 4. Nc3 c5 5. cxd5 exd5 6. Bb5+ Bd7 7. Bxd7+ Nbxd7 8. Qb3 c4 9. Qxb7 Rb8 10. Qc6 Rb6 11. Qa4 Qb8 12. b3 Bb4 13. bxc4 dxc4 14. O-O O-O 15. Qc2 Nc5 16. Ne2 Rc8 17. Qxc4 Nce4 18. Qd3 Bd6 19. Ned4 g5 20. Ba3 Bxa3 21. Qxa3 g4 22. Nh4 Nxd2 23. Rfe1 Qe5 24. Qxa7 Rb2 25. Nhf5 Rc7 26. Qa8+ Qe8 27. Nh6+ Kg7 28. Qa5 Qd8 29. Qg5+ Kf8 30. Nxg4 Nde4 31. Qh6+ Ke8 32. Qf4 Rc5 33. Nxf6+ Nxf6 34. Nc6 1-0

[Event "BL 2425 SG Solingen - SV Deggendorf"]
[Site "?"]
[Date "2025.02.23"]
[Round "10.8"]
[White "Naumann, Alexander"]
[Black "Stojanovic, Dalibor"]
[Result "1/2-1/2"]
[WhiteElo "2470"]
[BlackElo "2449"]
[PlyCount "55"]
[EventDate "2025.??.??"]

1. d4 Nf6 2. c4 g6 3. g3 Bg7 4. Bg2 O-O 5. Nc3 c6 6. Nf3 d6 7. O-O Bf5 8. Ne1 Be6 9. b3 d5 10. cxd5 Nxd5 11. Bb2 Nxc3 12. Bxc3 Qc8 13. Rc1 Rd8 14. e3 Bh3 15. Qe2 Na6 16. Nd3 Bxg2 17. Kxg2 Nc7 18. Rfd1 h5 19. h4 Nd5 20. Bb2 a5 21. a4 Nf6 22. Ba3 Qd7 23. Nc5 Qc8 24. Qf3 Rb8 25. Nd3 Qe6 26. Nc5 Qc8 27. Nd3 Qe6 28. Nc5 1/2-1/2

[Event "BL 2425 Düsseldorfer SK - FC Bayern Mü"]
[Site "?"]
[Date "2025.02.23"]
[Round "10.1"]
[White "Idani, Pouya"]
[Black "So, Wesley"]
[Result "1/2-1/2"]
[WhiteElo "2616"]
[BlackElo "2747"]
[PlyCount "120"]
[EventDate "2025.??.??"]

1. e4 e5 2. Nf3 Nc6 3. Nc3 Nf6 4. d4 exd4 5. Nxd4 Bb4 6. Nxc6 bxc6 7. Bd3 O-O 8. O-O d5 9. exd5 cxd5 10. Bg5 Be6 11. Nb5 c5 12. a3 Ba5 13. b4 Bb6 14. bxc5 Bxc5 15. Qd2 h6 16. Be3 Bxe3 17. Qxe3 Bd7 18. Rab1 Qa5 19. Qe1 Qb6 20. Qe5 Qc5 21. Qd6 Rfc8 22. Qxc5 Rxc5 23. Nd4 Ra5 24. Rb3 Kf8 25. Ra1 Rc8 26. f3 Ra4 27. Rb4 a5 28. Rxa4 Bxa4 29. Rb1 Nd7 30. Rb7 Ne5 31. Ra7 Nc6 32. Nxc6 Rxc6 33. Rxa5 Bxc2 34. Rxd5 Bxd3 35. Rxd3 Rc1+ 36. Kf2 Rc2+ 37. Kg3 g5 38. a4 Ra2 39. Rd4 Kg7 40. h4 Kg6 41. Kh3 f5 42. Rd6+ Kg7 43. hxg5 hxg5 44. Ra6 Ra3 45. a5 Ra2 46. Kg3 Kf7 47. Ra8 Kg6 48. a6 f4+ 49. Kh3 Kf6 50. Kh2 Ra1 51. g4 fxg3+ 52. Kxg3 Ra4 53. Kf2 Ra3 54. Ke2 Kg7 55. Kf2 Kf6 56. Ke1 Kg7 57. Ke2 Kh7 58. a7 Kg7 59. Kd2 Kh7 60. Kc2 g4 1/2-1/2

[Event "BL 2425 Düsseldorfer SK - FC Bayern Mü"]
[Site "?"]
[Date "2025.02.23"]
[Round "10.3"]
[White "Blohberger, Felix"]
[Black "Giri, Anish"]
[Result "0-1"]
[WhiteElo "2532"]
[BlackElo "2728"]
[PlyCount "144"]
[EventDate "2025.??.??"]

1. e4 c5 2. Nf3 Nc6 3. Bb5 e6 4. c3 Nf6 5. e5 Nd5 6. O-O d6 7. d4 cxd4 8. cxd4 Bd7 9. Bd3 dxe5 10. dxe5 Be7 11. Be4 O-O 12. Qe2 Qb6 13. Rd1 Rad8 14. Bxd5 exd5 15. Be3 d4 16. Nxd4 Nxe5 17. Nf5 Bc5 18. Bxc5 Qxc5 19. Rd5 Qc1+ 20. Rd1 Qg5 21. Qxe5 Bc6 22. Nh6+ Qxh6 23. Nc3 Qg6 24. Nd5 Rde8 25. Qg3 Re2 26. b3 Bxd5 27. Rxd5 Rxa2 28. Rad1 Qxg3 29. hxg3 g6 30. g4 Re8 31. R5d4 Re7 32. g3 Kg7 33. Rf4 Ra6 34. Rd2 Rae6 35. Ra4 a6 36. Kg2 Rb6 37. Rd3 Rb5 38. Rf4 a5 39. Rc3 h6 40. Rd3 Re6 41. Rdf3 Re7 42. Rd3 b6 43. Rdf3 Rbe5 44. Rd4 Re4 45. Rd6 Rb4 46. Rc3 g5 47. Kf1 Re6 48. Rxe6 fxe6 49. f3 Kf6 50. Ke2 b5 51. Kd2 a4 52. bxa4 bxa4 53. Kc2 Ke5 54. Rc6 Rb3 55. f4+ Kd5 56. Ra6 Rxg3 57. Ra5+ Ke4 58. Rxa4+ Kf3 59. f5 Rg2+ 60. Kd3 exf5 61. gxf5 Rf2 62. Kd4 Kf4 63. f6 Kf5 64. f7 Kg6 65. Ra6+ Kg7 66. Ke5 Rxf7 67. Rb6 h5 68. Ra6 h4 69. Rb6 Rf3 70. Ra6 h3 71. Ke4 h2 72. Ra7+ Rf7 0-1

[Event "BL 2425 Düsseldorfer SK - FC Bayern Mü"]
[Site "?"]
[Date "2025.02.23"]
[Round "10.4"]
[White "Yu, Yangyi"]
[Black "Lokander, Martin"]
[Result "1-0"]
[WhiteElo "2715"]
[BlackElo "2473"]
[PlyCount "57"]
[EventDate "2025.??.??"]

1. c4 e6 2. Nc3 d5 3. d4 Nc6 4. Nf3 a6 5. cxd5 exd5 6. Qb3 Be6 7. Bg5 f6 8. Bd2 Rb8 9. e3 Nge7 10. Bd3 g5 11. O-O Bg7 12. Na4 O-O 13. Nc5 Bg4 14. Ne1 Qc8 15. Nc2 Bh5 16. Nb4 Bf7 17. Nxc6 Nxc6 18. Qc2 Ne7 19. Bxh7+ Kh8 20. Bd3 f5 21. f4 g4 22. Bb4 Bf6 23. Nb3 Be6 24. Rac1 c6 25. Bd6 Ra8 26. Nc5 b6 27. Na4 Qd8 28. Bxe7 Qxe7 29. Nxb6 1-0

[Event "BL 2425 Düsseldorfer SK - FC Bayern Mü"]
[Site "?"]
[Date "2025.02.23"]
[Round "10.5"]
[White "Johansson, Linus"]
[Black "Sindarov, Javokhir"]
[Result "1/2-1/2"]
[WhiteElo "2386"]
[BlackElo "2700"]
[PlyCount "132"]
[EventDate "2025.??.??"]

1. d4 Nf6 2. c4 g6 3. Nc3 Bg7 4. e4 d6 5. Be2 O-O 6. Be3 a5 7. Nf3 Ng4 8. Bg5 h6 9. Bf4 e5 10. dxe5 dxe5 11. Bg3 Nd7 12. h3 Ngf6 13. Nxe5 Nxe4 14. Nxe4 Nxe5 15. O-O Qe7 16. Re1 Rd8 17. Qc1 Bf5 18. Bf1 Nd3 19. Bxd3 Rxd3 20. Nd6 Be6 21. Nb5 Rc8 22. Qc2 Rd7 23. Rad1 Rcd8 24. Rxd7 Rxd7 25. b3 c6 26. Nc3 Kh7 27. Qc1 Qc5 28. Ne4 Qd4 29. Qe3 Qxe3 30. Rxe3 Rd1+ 31. Kh2 g5 32. Re2 Bd4 33. Nd2 Kg6 34. Bc7 Bc3 35. Ne4 Bb4 36. Bb6 Bc8 37. Bc5 f6 38. Bxb4 axb4 39. Nc5 Kf7 40. Kg3 f5 41. f3 Rd6 42. Na4 h5 43. Kf2 Kf6 44. g3 Rd8 45. f4 gxf4 46. gxf4 h4 47. Nc5 b6 48. Na4 Rd3 49. Nxb6 Be6 50. Re3 Rd4 51. Kf3 Bf7 52. Re5 Rd3+ 53. Kg2 Bh5 54. Na4 Rg3+ 55. Kh2 Rf3 56. Nc5 Rxf4 57. Re6+ Kf7 58. Rxc6 Rf2+ 59. Kg1 Rxa2 60. Rh6 Bf3 61. Rxh4 Kf6 62. Rf4 Bc6 63. Rf2 Ra1+ 64. Rf1 Ra2 65. Rf2 Ra1+ 66. Rf1 Ra2 1/2-1/2

[Event "BL 2425 Düsseldorfer SK - FC Bayern Mü"]
[Site "?"]
[Date "2025.02.23"]
[Round "10.6"]
[White "Van Foreest, Jorden"]
[Black "Fedorovsky, Michael"]
[Result "0-1"]
[WhiteElo "2688"]
[BlackElo "2387"]
[PlyCount "90"]
[EventDate "2025.??.??"]

1. e4 c5 2. Nf3 d6 3. Bc4 Nf6 4. d3 e6 5. O-O Be7 6. a4 O-O 7. Nbd2 Nc6 8. Re1 b6 9. c3 Bb7 10. Ba2 Rc8 11. Nf1 a6 12. Bb1 Qc7 13. Ng3 Ne5 14. Ng5 h6 15. Nh3 Ng6 16. f4 Rfe8 17. Ba2 Bf8 18. Rf1 c4 19. f5 exf5 20. Nxf5 d5 21. Nf4 cxd3 22. Qxd3 dxe4 23. Qg3 Kh7 24. Be3 Nxf4 25. Bxf4 Qc5+ 26. Be3 Qc7 27. Qh3 Nd5 28. Nxg7 Bxg7 29. Bxd5 Bxd5 30. Qf5+ Kg8 31. Qxd5 Re5 32. Qb3 b5 33. axb5 Rxb5 34. Qa2 Qb7 35. Rf2 Rb8 36. Bf4 Rd8 37. h3 a5 38. Be3 Rd3 39. Raf1 Rxe3 40. Rxf7 Qd5 41. c4 Qe6 42. b4 Rg5 43. h4 Rg4 44. R7f2 axb4 45. Qa7 Rd3 0-1

[Event "BL 2425 Düsseldorfer SK - FC Bayern Mü"]
[Site "?"]
[Date "2025.02.23"]
[Round "10.7"]
[White "Lindgren, Philip"]
[Black "Sadhwani, Raunak"]
[Result "1/2-1/2"]
[WhiteElo "2393"]
[BlackElo "2666"]
[PlyCount "85"]
[EventDate "2025.??.??"]

1. d4 Nf6 2. Nf3 d5 3. c4 e6 4. cxd5 exd5 5. Nc3 c6 6. Bg5 h6 7. Bh4 Be7 8. Qc2 O-O 9. e3 Re8 10. Bd3 Ne4 11. Bxe7 Qxe7 12. O-O Nd7 13. b4 a6 14. a4 Ndf6 15. b5 cxb5 16. axb5 Bf5 17. bxa6 Rac8 18. Qb2 Rxc3 19. Bxe4 Nxe4 20. axb7 Rb8 21. Ra8 Qc7 22. Nh4 Bc8 23. Rxb8 Qxb8 24. bxc8=Q+ Qxc8 25. Nf3 g5 26. h3 Rc2 27. Qb3 Rc1 28. Qb2 Rc2 29. Qb1 Kg7 30. Qb5 Nc3 31. Qb6 Ne4 32. Ne5 h5 33. Qa7 Qf5 34. Qd7 Qf6 35. Nf3 Nc3 36. Kh2 Qg6 37. Qe7 g4 38. Nh4 Qf6 39. Qxf6+ Kxf6 40. hxg4 hxg4 41. g3 Rd2 42. Kg1 Nd1 43. Re1 1/2-1/2

[Event "BL 2425 Düsseldorfer SK - FC Bayern Mü"]
[Site "?"]
[Date "2025.02.23"]
[Round "10.8"]
[White "Gustafsson, Jan"]
[Black "Rafiee, Makan"]
[Result "1-0"]
[WhiteElo "2597"]
[BlackElo "2279"]
[PlyCount "73"]
[EventDate "2025.??.??"]

1. Nf3 d5 2. e3 Nf6 3. c4 c6 4. Nc3 a6 5. d4 Bf5 6. Nh4 Bg4 7. Qb3 Ra7 8. Bd2 e6 9. h3 Bh5 10. g4 Nfd7 11. Ng2 Bg6 12. Nf4 b5 13. c5 a5 14. Nxg6 hxg6 15. O-O-O e5 16. f4 a4 17. Qc2 e4 18. g5 f5 19. h4 Na6 20. Be2 a3 21. bxa3 Nc7 22. Kb2 Qa8 23. Nb1 Ra4 24. h5 Ne6 25. Bb4 Be7 26. hxg6 Rf8 27. Rh7 Ra7 28. Nc3 Kd8 29. Qb3 Kc8 30. Bxb5 cxb5 31. Nxd5 Bd8 32. c6 Ndc5 33. Bxc5 Nxc5 34. dxc5 Qxc6 35. Rh2 Kb8 36. Nb4 Qxg6 37. Rd6 1-0

[Event "BL 2425 USV TU Dresden - SC Viernheim"]
[Site "?"]
[Date "2025.02.23"]
[Round "10.1"]
[White "Mamedyarov, Shakhriyar"]
[Black "Bartel, Mateusz"]
[Result "1-0"]
[WhiteElo "2731"]
[BlackElo "2629"]
[PlyCount "73"]
[EventDate "2025.??.??"]

1. c4 e6 2. Nc3 d5 3. d4 Bb4 4. cxd5 exd5 5. Bf4 c5 6. e3 c4 7. Be2 Qa5 8. Qc1 Nf6 9. Bf3 Bf5 10. Nge2 Be4 11. Bxe4 Nxe4 12. O-O Nxc3 13. bxc3 Ba3 14. Qb1 b6 15. e4 O-O 16. e5 Nc6 17. Bc1 Be7 18. Bd2 b5 19. f4 f5 20. g4 fxg4 21. f5 Kh8 22. f6 gxf6 23. Bh6 fxe5 24. Bxf8 Bxf8 25. Rf7 Bg7 26. Qf5 Qd8 27. Ng3 Qg8 28. Nh5 Rf8 29. Rxf8 Qxf8 30. Nxg7 Kxg7 31. Qd7+ Qe7 32. Qxc6 exd4 33. Qxd5 Qe3+ 34. Kh1 Qf3+ 35. Qxf3 gxf3 36. cxd4 Kf6 37. Kg1 1-0

[Event "BL 2425 USV TU Dresden - SC Viernheim"]
[Site "?"]
[Date "2025.02.23"]
[Round "10.2"]
[White "Vogel, Roven"]
[Black "Sarana, Alexey"]
[Result "0-1"]
[WhiteElo "2550"]
[BlackElo "2672"]
[PlyCount "66"]
[EventDate "2025.??.??"]

1. Nf3 d5 2. g3 c6 3. Bg2 Bf5 4. c4 dxc4 5. O-O Nd7 6. Na3 Nb6 7. b3 cxb3 8. axb3 Nf6 9. Bb2 e6 10. Nc4 Be7 11. Na5 Qc8 12. Nd4 Be4 13. f3 Bg6 14. f4 O-O 15. e3 Nbd5 16. Nf3 Rd8 17. Qe2 Bb4 18. Nc4 Qc7 19. Nce5 Qb6 20. Nxg6 hxg6 21. Ne5 Bxd2 22. Nc4 Bxe3+ 23. Kh1 Qb5 24. Ra5 Qxb3 25. Rf3 Qb4 26. Bxf6 gxf6 27. Rxd5 Rxd5 28. Nxe3 Rd2 29. Qf1 Rad8 30. h4 Qc5 31. Kh2 f5 32. g4 fxg4 33. Nxg4 Rd1 0-1